El mundo científico /

Guardado en:
Formato: Deslizar
Series:United learning
Materias:
Etiquetas: Agregar Etiqueta
Sin Etiquetas, Sea el primero en etiquetar este registro!
LEADER 00967ngm a22002415g 4500
001 CEM.cems022580
008 130507b2001##################0###0#####d
005 20241107203333.0
245 0 0 |a El mundo científico / 
300 |a 17'. 
490 0 |a United learning 
500 |a En soporte VHS, consultar en ventanilla. 
538 |a Soporte: VHS - Norma: Pal N - Color: Si - Grabación DRD 2001 - Hitachi=4050. 
505 0 |a Características de la evolución científica. Definición de ciencia. Pasos lógicos del método científico. Problemas, hipótesis, contrastaciones de hipótesis, resultados, conclusión. Teorías y leyes. Evolución de la ciencia. 
082 5 0 |/ UBA 
653 |a CIENCIA 
653 |a METODO CIENTIFICO 
653 |a INVESTIGACION CIENTIFICA 
653 |a MUNDO CIENTIFICO 
653 |a TEORIAS Y LEYES 
653 |a NIVEL PRIMARIO 
653 |a NIVEL SECUNDARIO 
859 |a CEMS  |b BIB. CEMS - Depto. Recursos Didacticos  |h 501  |i UBA  |k DRD  |p 1223.12  |t Ej.1